000 00209 a2200097 4500
020 _a027011006951
041 _aeng
100 _aMaria Angels Julivert
245 _aThe fascinating world of.. Wolves
942 _cBK
999 _c9560
_d9560